000 00318nam a2200133Ia 4500
008 240624s9999 xx 000 0 und d
041 _aeng
082 _a425 IYE
100 _aIYER VIJAYALAKSHMI
245 _aWORD POWER
260 _c2008
_aDelhi
_bAuthorspress
300 _ax, : 503 : p. : cm. ; 21
365 _cRS
_b20
999 _c8068
_d8068